000 01258nam a2200373Ic 4500
001 60015
003 CO-BoRNBP
005 20251114202534.0
007 ta
008 180109s2005 sp a g 000 0 spa
020 _a8497290267 \
020 _a9788497290265
040 _aCO-BoRNBP
_bspa
_erda
_cCO-BoRNBP
041 _aspa
082 0 4 _a796.2
_bF31
245 0 0 _aFichero juegos con objetos /
_cJuan José Campo... [ y cinco autores más ] ; ilustraciones de Jesús Eduardo Santamaría.
250 _aPrimera edición
264 1 _aBarcelona, España :
_bInde Publicaciones,
_c2005
300 _a105 páginas :
_bilustraciones a color
336 _atexto
_btxt
_2rdacontent
337 _asin mediación
_bn
_2rdamedia
338 _avolumen
_bnc
_2rdacarrier
490 0 _aColección Ficheros de juegos y actividades
650 0 0 _aInstrumentos de juegos
_2LEMB
_967523
650 0 7 _aJuegos de pelota
_2lemb
_967524
650 0 7 _aJuegos
_2lemb
700 _aGonzález, Maria del Mar,
_eaut
_967517
700 _aMazón, Victor,
_eaut
_967518
700 _aReal, Amelia,
_eaut
_967519
700 _aSantamaría, Jesús Eduardo,
_eill
_967520
700 _aSarabia, Diego,
_eaut
_967521
700 _aUriel, José Ramón,
_eaut
_967522
942 _2ddc
_cBK
999 _c60015
_d60015